书目信息 |
| 题名: |
最新商事 (经济) 法律文件解读
|
|
| 作者: | ;最高人民法院最新法律文件解读丛书编辑委员会 编 | |
| 分册: | ||
| 出版信息: | 北京 人民法院出版社 2005 |
|
| 页数: | 139页 | |
| 开本: | 21cm | |
| 丛书名: | 最新法律文件解读丛书 | |
| 单 册: | ||
| 中图分类: | D923.995 | |
| 科图分类: | ||
| 主题词: | 商法--shang fa--法律解释--中国--连续出版物 | |
| 电子资源: | ||
| ISBN: | 7-80161-939-0 | |
| 000 | 01060nas 2200277 450 | |
| 001 | CAL 112005041316 | |
| 005 | 20061120152109.73 | |
| 010 | @a7-80161-939-0@b2005·1 (总第1辑)@dCNY 9.00 | |
| 099 | @aCAL 112005041316 | |
| 100 | @a20050418a20059999ekmy0chiy0121 ea | |
| 101 | 0 | @achi |
| 102 | @aCN@b110000 | |
| 110 | @aafamm 0xu0 | |
| 200 | 1 | @a最新商事 (经济) 法律文件解读@Azui xin shang shi fa lv wen jian jie du@f最高人民法院《最新法律文件解读丛书》编辑委员会 |
| 207 | 0 | @a总第1辑 (2005,1)- |
| 210 | @a北京@c人民法院出版社@d2005 | |
| 215 | @a139页@d21cm | |
| 225 | 2 | @a最新法律文件解读丛书@Azui xin fa lu: wen jian jie du cong shu |
| 410 | 0 | @12001 @a最新法律文件解读丛书 |
| 517 | 1 | @a商事经济法律文件解读@Ashang shi fa lv wen jian jie du |
| 606 | 0 | @a商法@Ashang fa@x法律解释@y中国@j连续出版物 |
| 690 | @aD923.995@v4 | |
| 711 | 02 | @a最高人民法院最新法律文件解读丛书编辑委员会@Azui gao ren min fa yuan zui xin fa lu: wen jian jie du cong shu bian ji wei yuan hui@4编 |
| 801 | @aCN@c20061120 | |
| 905 | @a10447@dD923.995@eZ981 | |
| 998 | @aXJT | |
| 最新商事 (经济) 法律文件解读/最高人民法院《最新法律文件解读丛书》编辑委员会.-总第1辑 (2005,1)-.-北京:人民法院出版社,2005 |
| 139页;21cm.-(最新法律文件解读丛书) |
| ISBN 7-80161-939-0(2005·1 (总第1辑)):CNY 9.00 |
| ● |
| 相关链接 |
|
|
|
正题名:最新商事 (经济) 法律文件解读
索取号:D923.995/Z981
 
预约/预借
| 序号 | 登录号 | 条形码 | 馆藏地/架位号 | 状态 | 备注 |
| 1 | 612182 | 206121828 | 社科库509/509社科库 96排1列3层/ [索取号:D923.995/Z981] | 在馆 | |
| 2 | 612183 | 206121837 | 社科库509/509社科库 96排1列3层/ [索取号:D923.995/Z981] | 在馆 | |
| 3 | 612184 | 206121846 | 社科库509/509社科库 96排1列3层/ [索取号:D923.995/Z981] | 在馆 |